Biblioteca Fatec Adamantina

Mitologia por procuração / (Registro n. 835)

Detalhes MARC
000 -LEADER
fixed length control field 00814nam a22002777a 4500
003 - CONTROL NUMBER IDENTIFIER
control field OSt
005 - DATE AND TIME OF LATEST TRANSACTION
control field 20260424141246.0
007 - PHYSICAL DESCRIPTION FIXED FIELD--GENERAL INFORMATION
fixed length control field ta
008 - FIXED-LENGTH DATA ELEMENTS--GENERAL INFORMATION
fixed length control field 260424b bl ||||| |||| 00| 0 por d
020 ## - INTERNATIONAL STANDARD BOOK NUMBER
International Standard Book Number 9788586871658
Qualifying information (encad.)
040 ## - CATALOGING SOURCE
Language of cataloging por
Transcribing agency OSt
041 1# - LANGUAGE CODE
Language code of text/sound track or separate title por
Language code of original eng
082 ## - DEWEY DECIMAL CLASSIFICATION NUMBER
Classification number 741.074
Item number M684m
210 ## - ABBREVIATED TITLE
Source Mitologia por procuração
240 ## - UNIFORM TITLE
Uniform title Mythologies by proxy
245 10 - TITLE STATEMENT
Title Mitologia por procuração /
260 ## - PUBLICATION, DISTRIBUTION, ETC.
Place of publication, distribution, etc. São Paulo :
Name of publisher, distributor, etc. Museu de Arte Moderna de São Paulo,
Date of publication, distribution, etc. 2013.
300 ## - PHYSICAL DESCRIPTION
Extent 157 p. :
Other physical details il. ;
Dimensions 21 cm
650 04 - SUBJECT ADDED ENTRY--TOPICAL TERM
Topical term or geographic name entry element Museu de Arte Moderna de São Paulo
650 04 - SUBJECT ADDED ENTRY--TOPICAL TERM
Topical term or geographic name entry element Coleção
650 04 - SUBJECT ADDED ENTRY--TOPICAL TERM
Topical term or geographic name entry element Arte contemporânea séculos XX e XXI
650 04 - SUBJECT ADDED ENTRY--TOPICAL TERM
Topical term or geographic name entry element Brasil
700 1# - ADDED ENTRY--PERSONAL NAME
Personal name Mazzucchelli, Kiki
9 (RLIN) 1143
Relator term curadoria
700 1# - ADDED ENTRY--PERSONAL NAME
Personal name Francisco, Adriana
9 (RLIN) 608
Relator term tradutor
942 ## - ADDED ENTRY ELEMENTS (KOHA)
Source of classification or shelving scheme Dewey Decimal Classification
Koha item type LIVRO
Suppress in OPAC No
Exemplares
Withdrawn status Lost status Source of classification or shelving scheme Damaged status Not for loan Home library Current library Date acquired Total checkouts Full call number Barcode Date last seen Copy number Price effective from Koha item type
    Dewey Decimal Classification     Biblioteca Fatec Adamantina Biblioteca Fatec Adamantina 24.04.2026   741.074 - M684m 2026-0124 24.04.2026 ex.1 24.04.2026 LIVRO

Para mais informações envie um e-mail para [email protected].